=LDR 00000nam 2200000 4500 =001 INLIS000000000040169 =005 20130612145740 =008 ***********************************ind** =035 ##$$0010-061300000040169 =041 ##$$a ind =082 ##$$a 372.8 =090 ##$$a 372.8, MUk =100 ##$$a Muchtar =245 ##$$a Ilmu Pengetahuan sosial =650 ##$$a IPS =850 ##$$a NBPNMAT